000 00622nam a22001817a 4500
005 20230920163424.0
010 _aENG-134684
020 _a9789385559129
_c500.00
035 _aEN-118216
037 _bDBAD/PUB
082 _a500.00
245 _aTechsynod'17 Fourth National Conference & Workshop:
_bAdvances in Bioenergy & Biomaterials and Advances in Mechanical Engineering & Mechatronics/
_cEdited by S Alwan And Sivasunramonin B
260 _bAshalatha Thampuran
300 _a378p.
_c29cm(pbk)
700 _aAlwan,S
_957167
700 _aB,Sivasubramonian
_957168
942 _2ddc
_cEN
_h600
_mTEC
999 _c191412
_d191412